Liga Portugal Teams by Logo - Statistics

General Stats
  • This quiz has been taken 531 times
  • The average score is 11 of 17
Answer Stats
Picture Answer % Correct
FC Porto
100%
SL Benfica
100%
Sporting CP
100%
SC Braga
93%
Boavista FC
75%
GD Estoril Praia
63%
Rio Ave FC
62%
Vitoria de Guimarares SC
61%
FC Arouca
57%
CD Santa Clara
56%
FC Famalicao
53%
Casa Pia AC
51%
CD Nacional Madeira
49%
Gil Vicente FC
49%
Moreirense FC
47%
CF Estrela de Amadora
44%
SC Farense
40%
No matching quizzes found
Score Distribution
Percent of People with Each Score
Percentile by Number Answered
Your Score History
You have not taken this quiz